000 00441cam a22001217a 4500
008 180718b1965 xxu||||| |||| 00| 0 eng d
082 _aF51x5404 C737c/7/1
245 _aProceedings of the seventh congress of the communist party of India
_cby Communist Party of India
260 _aNew Delhi
_bCommunist Party Publications
_c1965
300 _a212p
650 _aCommunism --India --Congresses
650 _aCommunist Party of India --Congresses
999 _c426483
_d426483